000 00523nam a2200181Ia 4500
003 GCL
008 140319s9999 xx 000 0 ara d
040 _aGCL /
_cGCL
082 0 4 _a404
_bح م
100 1 _aحنون مبارك
245 1 0 _aمدخل للسانيات سوسير /
_cحنون مبارك
260 _a[S.N] :
_bدار توبقال للنشر ،
_c1987
300 _a184
490 _aسلسلة ترحيل المعرفة
_v0
650 0 4 _aاللغات
650 0 4 _aاللسانيات
942 _2ddc
_cBK
999 _c55034
_d55034